[Event "Hvar op U15"]
[Site "Hvar"]
[Date "2017.10.01"]
[Round "5"]
[White "Knezovic, Niko"]
[Black "Ujevic, Ivan"]
[Result "0-1"]
[WhiteElo "1369"]
[BlackElo "1081"]
[PlyCount "76"]
[EventDate "2017.09.29"]
[EventType "swiss"]
[EventRounds "5"]
[EventCountry "CRO"]
[SourceTitle "EXT 2019"]
[Source "ChessBase"]
[SourceDate "2018.10.10"]
[SourceVersion "1"]
[SourceVersionDate "2018.10.10"]
[SourceQuality "1"]

1. d4 d5 2. Nf3 Nf6 3. e3 Nc6 4. c4 Bf5 5. Nc3 Nb4 6. Qa4+ Nc6 7. Be2 e6 8. Ne5 Rb8 9. Nxc6 bxc6 10. Qxc6+ Qd7 11. Qxd7+ Nxd7 12. c5 Nf6 13. Bb5+ Ke7 14. h3 Ne4 15. Bd3 Nxc3 16. Bxf5 Nb5 17. Bd3 a6 18. 0-0 f6 19. a4 Na7 20. Bxa6 Nc6 21. Bd2 Rxb2 22. Bc3 Rb3 23. Rfc1 e5 24. dxe5 fxe5 25. Bb5 d4 26. exd4 exd4 27. Re1+ Kf6 28. Bxc6 dxc3 29. Re3 Bxc5 30. Rf3+ Ke6 31. Rd3 Kf6 32. Bd5 Rb2 33. Rxc3 Bxf2+ 34. Kf1 Bb6 35. a5 Bd4 36. Rd1 Rf2+ 37. Kg1 Rd2+ 38. Kh2 Be5+ 0-1

[Event "Hvar op U15"]
[Site "Hvar"]
[Date "2017.09.30"]
[Round "3"]
[White "Knezovic, Niko"]
[Black "Arnold, Jan1111"]
[Result "0-1"]
[WhiteElo "1369"]
[BlackElo "1384"]
[PlyCount "58"]
[EventDate "2017.09.29"]
[EventType "swiss"]
[EventRounds "5"]
[EventCountry "CRO"]
[SourceTitle "EXT 2019"]
[Source "ChessBase"]
[SourceDate "2018.10.10"]
[SourceVersion "1"]
[SourceVersionDate "2018.10.10"]
[SourceQuality "1"]

1. d4 e6 2. Nf3 d5 3. e3 c5 4. c4 Nc6 5. Nc3 Nf6 6. Bd3 Qb6 7. Ne2 Be7 8. 0-0 0-0 9. a3 Ne4 10. Bxe4 dxe4 11. Ne5 Rd8 12. Nxc6 Qxc6 13. Qc2 b6 14. Rd1 Bb7 15. b3 Rd7 16. Qc3 Rad8 17. Bb2 Bf6 18. b4 Qc7 19. g3 Be5 20. Nf4 cxd4 21. exd4 Bxd4 22. Rxd4 Rxd4 23. Ne2 Rd1+ 24. Rxd1 Rxd1+ 25. Kg2 f6 26. Nf4 e3+ 27. f3 Qe5 28. Qc2 Rd2+ 29. Qxd2 exd2 0-1

[Event "Hvar op U15"]
[Site "Hvar"]
[Date "2017.09.29"]
[Round "1"]
[White "Birkic, Josip"]
[Black "Knezovic, Niko"]
[Result "1-0"]
[WhiteElo "1635"]
[BlackElo "1369"]
[PlyCount "45"]
[EventDate "2017.09.29"]
[EventType "swiss"]
[EventRounds "5"]
[EventCountry "CRO"]
[SourceTitle "EXT 2019"]
[Source "ChessBase"]
[SourceDate "2018.10.10"]
[SourceVersion "1"]
[SourceVersionDate "2018.10.10"]
[SourceQuality "1"]

1. e4 e5 2. Nf3 Nc6 3. d4 d5 4. exd5 Nxd4 5. Nxd4 exd4 6. Qxd4 Qe7+ 7. Be3 Qb4+ 8. Nd2 Qxd4 9. Bxd4 Nf6 10. c4 c5 11. Bc3 Bf5 12. 0-0-0 Be7 13. Re1 Ng4 14. d6 0-0 15. dxe7 Rfe8 16. Be2 Nxf2 17. Rhf1 Nd3+ 18. Bxd3 Bxd3 19. Rf3 Bg6 20. Ne4 Bh5 21. g4 Bxg4 22. Rg3 f5 23. Nd6 1-0